书目信息 |
| 题名: |
新型气体灭火系统设计手册
|
|
| 作者: | 蒋彦胤 , 雷志明 编著 | |
| 分册: | ||
| 出版信息: | 北京 中国环境科学出版社 1999.08 |
|
| 页数: | 132页 | |
| 开本: | 32开 | |
| 丛书名: | ||
| 单 册: | ||
| 中图分类: | TU998.13 | |
| 科图分类: | ||
| 主题词: | 市政工程 , 城市公共设施 | |
| 电子资源: | ||
| ISBN: | 7-80135-778-7 | |
| 000 | 00637nam0 2200205 45 | |
| 001 | 0010111108 | |
| 005 | 20001011110623.5 | |
| 010 | @a7-80135-778-7@dRMB 9.80 | |
| 100 | @a20001011d1999 km y0chiy0120 ea | |
| 101 | 0 | @achi |
| 200 | 1 | @a新型气体灭火系统设计手册@AXin Xing Qi Ti Mie Huo Xi Tong She Ji Shou Ce@f蒋彦胤,雷志明编著@FJiang Yan Yin,Lei Zhi Ming Bian Zhu |
| 210 | @a北京@c中国环境科学出版社@d1999.08 | |
| 215 | @a132页@d32开 | |
| 606 | 0 | @a市政工程 |
| 606 | 0 | @a城市公共设施 |
| 690 | @aTU998.13@v3 | |
| 701 | 0 | @a蒋彦胤@4编著 |
| 701 | 0 | @a雷志明@4编著 |
| 801 | @aCN@bPftUser@c20001011 | |
| 905 | @b175218-220@dTU998.13@eJ929@f3 | |
| 新型气体灭火系统设计手册/蒋彦胤,雷志明编著.-北京:中国环境科学出版社,1999.08 |
| 132页;32开 |
| ISBN 7-80135-778-7:RMB 9.80 |
| ● |
| 相关链接 |
|
|
|
正题名:新型气体灭火系统设计手册
索取号:TU998.13/J929
 
预约/预借
| 序号 | 登录号 | 条形码 | 馆藏地/架位号 | 状态 | 备注 |
| 1 | 175218 | 201752184 | 自科二线404/404自科库 22排6列4层/ [索取号:TU998.13/J929] | 在馆 | |
| 2 | 175219 | 201752193 | 自科二线404/404自科库 22排6列4层/ [索取号:TU998.13/J929] | 在馆 | |
| 3 | 175220 | 201752200 | 自科二线404/404自科库 22排6列4层/ [索取号:TU998.13/J929] | 在馆 | |
| 4 | 176524 | 201765241 | 建筑库201/201建筑库 142排1列5层/ [索取号:TU998.13/J929] | 在馆 | |
| 5 | 176525 | 201765250 | 建筑库201/201建筑库 142排1列4层/ [索取号:TU998.13/J929] | 在馆 | |
| 6 | 176526 | 201765269 | 建筑库201/201建筑库 142排1列4层/ [索取号:TU998.13/J929] | 在馆 | |
| 7 | 352526 | 203525266 | 自科二线404/404自科库 22排6列4层/ [索取号:TU998.13/J929] | 在馆 | |
| 8 | 352527 | 203525275 | 自科二线404/404自科库 22排6列4层/ [索取号:TU998.13/J929] | 在馆 | |
| 9 | 352528 | 203525284 | 自科二线404/404自科库 22排6列4层/ [索取号:TU998.13/J929] | 在馆 |